000 00872nam a2200289 i 4500
003 EG-GICUC
005 20260422215812.0
008 260422s1954 sr ||||f |||| 00| 0 eng d
040 _aEG-GiCUC
_beng
_cEG-GiCUC
_dEG-GiCUC
_erda
041 _aeng
082 0 4 _221
_a343.3
092 0 4 _221
099 _aLaw1 10 343.3 CO . D 1954 B1010090 C1
245 0 0 _aCode of criminal procedure.
264 _aBelgrade :
_bUnion of Jurists' Associations of Yugoslavia,
_c1954.
300 _a79 pages ;
_c24 cm
336 _2rda content
_atext
337 _2rda media
_aComputer
338 _2rda carrier
_aOnline Resource
546 _aText in English
650 1 _aCriminal Procedure
_2qrmak
650 1 _aLaw of criminal procedure
_2qrmak
651 1 _2qrmak
856 4 0 _uhttps://fll.law.cu.edu.eg/fulltext/bks/B10-10090.pdf
905 _a162
942 _2ddc
_cBK
_e21
_n0
999 _c72919
_d72919